La naturaleza jurd̕ica de los fondos de inversin̤ mobiliaria

Detalles Bibliográficos
Autor principal: Pulgar Ezquerra, Juana
Formato: Desconocido
Lenguaje:español
Publicado: Madrid : Edersa, D.L. 2001
Colección:Cuadernos mercantiles (Editoriales de Derecho Reunidas)
Materias:
Acceso en línea:Acceso restringido

MARC

LEADER 00000ny a22000003n 4500
005 20110620104259.0
008 020226s2001 sp 000 0 spa d
017 |a D.L.M41299-01 
020 |a 9788484940142 
035 |a 1627 
040 |a SpMaUCDE  |d vLex 
080 |a 347.731:336.763(460) 
090 |c 861  |d 861 
100 1 |a Pulgar Ezquerra, Juana 
245 1 3 |a La naturaleza jurd̕ica de los fondos de inversin̤ mobiliaria  |h [Recurso electrn̤ico]  |c Juana Pulgar Ezquerra 
256 |a Servicio en ln̕ea 
260 |a Madrid :  |b Edersa,  |c D.L. 2001 
300 |a 247 p. ;  |c 21 cm 
490 1 |a Cuadernos mercantiles;  |v 2 
504 |a Bibliog. 
506 1 |a Contenido solo disponible en los productos indicados  |d vLex Global  |d vLex Global (Academic Edition, excluding Law Schools)  |d vLex Global (U.S. Academic Edition, Law Schools)  |d vLex Global (U.S. Academic Edition, excluding Law Schools)  |d vLex Global (Academic Edition, Law Schools) 
650 0 7 |a Inmobiliario y registral  |2 Tesauro vLex 
650 0 7 |a Fondos de inversin̤  |2 Tesauro vLex 
650 0 7 |a Concepto y naturaleza jurd̕ica  |2 Tesauro vLex 
650 0 7 |a Fondos de inversin̤  |2 Tesauro vLex 
650 0 7 |a Fondos de inversin̤ mobiliaria  |2 Tesauro vLex 
740 0 |a vLex Libros (Servicios en ln̕ea) 
830 0 |a Cuadernos mercantiles (Editoriales de Derecho Reunidas) 
856 4 0 |u http://vlex.com/source/1627  |z Acceso restringido 
942 |c BOOK 
999 0 |a Law  |b Madrid